|
|
|
|
| LEADER |
00000cab a2200000 a 4500 |
| 001 |
024253 |
| 003 |
UAHC_CL |
| 005 |
20250909160928.0 |
| 008 |
250909s1945 us || || 000 s|spa |
| 040 |
|
|
|a UAHC_CL
|c UAHC_CL
|d UAHC_CL
|
| 110 |
|
|
|a Organización de Estados Americanos
|9 22278
|
| 245 |
|
|
|a Carta Organización de Estados Americanos
|c Organización de Estados Americanos.
|
| 264 |
|
|
|a Estados Unidos :
|b Naciones Unidas,
|c 1945.
|
| 300 |
|
|
|a 35 páginas
|
| 500 |
|
|
|a Sitio visitado http://www.oas.org/es/sla/ddi/docs/tratados_multilaterales_interamericanos_a-41_carta_oea.pdf septiembre 9 de 2025.
|
| 520 |
|
|
|a Reformada por el Protocolo de Reformas a la Carta de la Organización de los Estados Americanos "Protocolo de Buenos Aires", suscrito el 27 de febrero de 1967, en la Tercera Conferencia Interamericana Extraordinaria, por el Protocolo de Reformas a la Carta de la Organización de los Estados Americanos "Protocolo de Cartagena de Indias", aprobado el 5 de diciembre de 1985, en el decimocuarto período extraordinario de sesiones de la Asamblea General, por el Protocolo de Reformas a la Carta de la Organización de los Estados Americanos "Protocolo de Washington", aprobado el 14 de diciembre de 1992, en el decimosexto período extraordinario de sesiones de la Asamblea General, y por el Protocolo de Reformas a la Carta de la Organización de los Estados Americanos "Protocolo de Managua", adoptado el 10 de junio de 1993, en el decimonoveno período extraordinario de sesiones de la Asamblea General.
|
| 856 |
|
|
|y Acceso electrónico al documento
|u http://www.oas.org/es/sla/ddi/docs/tratados_multilaterales_interamericanos_a-41_carta_oea.pdf
|
| 942 |
|
|
|c LE
|
| 952 |
|
|
|0 0
|1 0
|4 0
|6 RECURSO_ELECTRÓNICO
|7 0
|8 COMP
|9 101295
|a BR
|b BR
|c Digital
|d 2025-09-09
|l 0
|o Recurso electrónico
|r 2025-09-09 16:10:08
|w 2025-09-09
|y LE
|B DER
|
| 999 |
|
|
|c 63019
|d 63019
|